Представление документа в формате RUSMARC

ПолеНазваниеЗначение
  Тип записи a
  Библиографический уровень a
001 Контрольный номер RU/CBS_UL/BASE/766ed00731584c4a94d2775f592c9c5a
005 Дата корректировки 20240326151641.1
100 Данные общей обработки __
a Данные общей обработки 20240326 ||| 0rusy0189 ca
101 Язык документа 0_
a Язык текста rus
102 Страна публикации __
a Страна публикации RU
200 Заглавие и сведения об ответственности 1_
a Заглавие Дотянуться до звезды
e Сведения, относящиеся к заглавию [рассказ]
f Первые сведения об ответственности М. Смирнов
300 Общие примечания __
a Общие примечания 12+
461 Уровень набора _0
1 2000
a Смена
463 Уровень физической единицы _0
1 2000
a № 11
v С. 54-68
1 2101
d 2023
1 001RU/CBS_UL/BASE/c5695dc039b84679b3446f6282e07032
606 Тематические рубрики 0_
a Основная рубрика Российская литература, 21 в.
610 Ключевые слова 0_
a Ключевые слова литература
610 Ключевые слова 0_
a Ключевые слова российская литература
610 Ключевые слова 0_
a Ключевые слова рассказы
610 Ключевые слова 0_
a Ключевые слова современная российская литература
686 Индексы других классификаций __
a Классификационный индекс 84(2Рос=Рус)6
700 Автор _1
a Фамилия Смирнов
b Имя (инициалы) М.
801 Источник записи _0
a Страна RU
b Организация МБУК ЦБС г. Ульяновска
c Дата составления 20240326
g Правила каталогизации RCR
801 Источник записи _1
a Страна RU
b Организация МБУК ЦБС г. Ульяновска
c Дата составления 20240326
g Правила каталогизации RCR
901 Тип документа __
t Тип документа b
w Контрольный № источника RU/CBS_UL/BASE/c5695dc039b84679b3446f6282e07032
909 Создатель записи __
a Создатель записи mbo